000 00752nam a22001817a 4500
999 _c371467
_d371467
008 201127b ||||| |||| 00| 0 eng d
040 _aDE-2950
_bger
_cDE-2950
_erda
041 _ager
245 _aDie 80er-Jahre in Frankfurt.
_bStadtgeschichte: Der Nachlass des verstorbenen Fotografen Rudolf Hartmetz umfasst mehr als 10.000 Fotos. Im Stadtarchiv werden die Bilder aufbereitet /
_cPhilipp Stepputtis
264 _c2022
653 _aFrankfurt (Oder)
653 _aHartmetz, Rudolf; Fotograf, 1941-2007
773 _dFrankfurt (Oder) Märkisches Verlags- und Druckhaus GmbH & Co KG
_tMärkische Oderzeitung
_g33. Jahrgang (2022) Nr. 47 vom 25.02.2022, S. 16
942 _cA